000 00727cam a2200265 4500
008 090401t1991 xxu||||| |||| 00| 0 eng d
020 _a0632031212
035 _a(Sirsi) u93919
041 _aeng
050 _a338.4369094
100 _aChapman, N. F. Spencer.
245 4 _aThe construction industry and the European Community.
260 _aOxford
_bBSP Professional Books
_c1991
300 _axiv,282p. ; 24cm.
350 _a24.99
650 _aBUILDING INDUSTRY
650 _aCONSTRUCTION INDUSTRY
650 _aEUROPEAN COMMUNITY
650 _aPUBLIC PROCUREMENT
650 _aSTANDARDS
690 _aBUILDING AND CONSTRUCTION-OVERSEAS
700 _aGrandjean, C.
942 _n0
948 _c04/03/1997
999 _c97869
_d97869